000 00473nam a22001817a 4500
003 koha_MIRAKIL
005 20231213095440.0
008 231213b |||||||| |||| 00| 0 ||| d
020 _b978-9-75458195-9
040 _aTR-IsEVY
_btur
_cTR-IsEVY
082 _a956 KAB/T
100 _aKABACALI, ALPAY.
245 0 _aTALAT PAŞA'NIN ANILARI.
260 _bTÜRKİYE İŞ BANKASI KÜLTÜR YAYINLARI,
_c2009
300 _a191.
650 _aTürk Tarihi.
942 _2ddc
_cBK
999 _c3798
_d3798